00386nam a22001457a 4500003000400000008004100004020001800045082001600063100002200079245004300101250001300144260006000157300001100217650001200228OSt250801b |||||||| |||| 00| 0 eng d a9780143031963 a894.812 PAC aPARTHASARATHY, R. aCilappatikaram : The Tale Of An Anklet a1st. ed. aGurugram,bPenguin Random House India Pvt. Ltd.,c2024, a419 p. aEnglish